4 najlepsze drużyny mistrzostw świata w piłce nożnej - Statystyki

Ogólne statystyki
  • Ten quiz został rozwiązany 295 razy
    82 od ostatniego zresetowania
  • Średni wynik to 21 z 88
Statystyki odpowiedzi
Miejsce i rok Reprezentacja % Poprawnych
1930 MISTRZ Urugwaj
89%
2022 MISTRZ Argentyna
56%
1930 WICEMISTRZ Argentyna
54%
2022 WICEMISTRZ Francja
54%
2022 4 MIEJSCE Maroko
54%
2018 MISTRZ Francja
53%
2022 3 MIEJSCE Chorwacja
51%
2018 WICEMISRZ Chorwacja
47%
2014 MISTRZ Niemcy
44%
2010 MISTRZ Hiszpania
43%
2018 3 MIEJSCE Belgia
40%
2002 MISTRZ Brazylia
40%
2014 4 MIEJSCE Brazylia
40%
2010 WICEMISTRZ Holandia
40%
2014 WICEMISTRZ Argentyna
39%
2014 3 MIEJSCE Holandia
39%
2018 4 MIEJSCE Anglia
37%
1934 MISTRZ Włochy
37%
2006 MISTRZ Włochy
37%
1998 MISTRZ Francja
34%
2006 WICEMISTRZ Francja
34%
1966 MISTRZ Anglia
33%
1994 MISTRZ Brazylia
31%
1998 WICEMISTRZ Brazylia
31%
2002 WICEMISTRZ Niemcy
31%
1986 MISTRZ Argentyna
30%
1950 MISTRZ Urugwaj
29%
1938 MISTRZ Włochy
29%
1978 MISTRZ Argentyna
27%
1970 MISTRZ Brazylia
27%
2002 4 MIEJSCE Korea Południowa
27%
2006 3 MIEJSCE Niemcy
27%
1982 3 MIEJSCE Polska
27%
1958 MISTRZ Brazylia
26%
1930 3 MIEJSCE Stany Zjednoczone
26%
2002 3 MIEJSCE Turcja
26%
2010 3 MIEJSCE Urugwaj
26%
1962 MISTRZ Brazylia
24%
1974 4 MIEJSCE Brazylia
24%
1974 3 MIEJSCE Polska
24%
1974 MISTRZ RFN
24%
1994 WICEMISTRZ Włochy
24%
1950 WICEMISTRZ Brazylia
23%
1974 WICEMISTRZ Holandia
23%
2010 4 MIEJSCE Niemcy
23%
1954 MISTRZ RFN
23%
1982 MISTRZ Włochy
23%
1934 WICEMISTRZ Czechosłowacja
21%
1978 WICEMISTRZ Holandia
21%
1998 3 MIEJSCE Chorwacja
20%
2006 4 MIEJSCE Portugalia
20%
1998 4 MIEJSCE Holandia
19%
1990 MISTRZ RFN
19%
1954 WICEMISTRZ Węgry
19%
1990 WICEMISTRZ Argentyna
17%
1982 WICEMISTRZ RFN
17%
1986 WICEMISTRZ RFN
17%
1958 WICEMISTRZ Szwecja
17%
1970 WICEMISTRZ Włochy
17%
1982 4 MIEJSCE Francja
16%
1930 4 MIEJSCE Jugosławia
16%
1966 WICEMISTRZ RFN
16%
1994 3 MIEJSCE Szwecja
16%
1978 3 MIEJSCE Brazylia
14%
1938 WICEMISTRZ Węgry
14%
1938 3 MIEJSCE Brazylia
13%
1994 4 MIEJSCE Bułgaria
13%
1962 WICEMISTRZ Czechosłowacja
11%
1990 3 MIEJSCE Włochy
11%
1986 4 MIEJSCE Belgia
10%
1962 3 MIEJSCE Chile
10%
1986 3 MIEJSCE Francja
10%
1966 3 MIEJSCE Portugalia
10%
1990 4 MIEJSCE Anglia
9%
1958 3 MIEJSCE Francja
9%
1950 3 MIEJSCE Szwecja
9%
1950 4 MIEJSCE Hiszpania
7%
1962 4 MIEJSCE Jugosławia
7%
1958 4 MIEJSCE RFN
7%
1970 3 MIEJSCE RFN
7%
1978 4 MIEJSCE Włochy
7%
1966 4 MIEJSCE ZSRR
7%
1938 4 MIEJSCE Szwecja
6%
1954 3 MIEJSCE Austria
4%
1954 4 MIEJSCE Urugwaj
4%
1970 4 MIEJSCE Urugwaj
4%
1934 4 MIEJSCE Austria
3%
1934 3 MIEJSCE III Rzesza
3%
Nie znaleziono quizów pasujących do podanych kryteriów
Rozkład punktacji
Procent ludzi z każdym wynikiem
Percentyl według liczby udzielonych odpowiedzi
Twoja historia wyników
Nie rozwiązałeś tego quizu od ostatniego zresetowania